American journal of archaeology : the journal of the Archaeological Institute of America.

محفوظ في:

مؤلفون مشاركون: Archaeological Institute of America., American School of Classical Studies at Athens., American School of Classical Studies in Rome., American School for Oriental Study and Research in Palestine., Jay I. Kislak Collection (Library of Congress)

التنسيق: دورية

اللغة: English

منشور في: New York : Macmillan Co., 1897-

الموضوعات:

الوسوم: إضافة وسم

لا توجد وسوم, كن أول من يضع وسما على هذه التسجيلة!

رقم الطلب: ( J )CC1 .A5

LEADER 01448nas a2200385Ia 4500
003 OSt
005 20201013062119.0
008 130303c18979999nyuaq grp 000 0 eng d
999 |c 30974  |d 30974 
040 |c ARCE Library 
043 |a e-fr--- 
050 0 4 |a ( J )CC1 .A5 
210 0 |a AJA 
222 0 |a American journal of archaeology 
245 0 0 |a American journal of archaeology :  |b the journal of the Archaeological Institute of America. 
264 1 |a New York :  |b Macmillan Co.,  |c 1897- 
300 |a volumes :  |b illustrations, plates, portraits, maps, plans ;  |c 24-27 cm. 
310 |a Quarterly,  |b 1900- 
321 |a Bimonthly,  |b 1897-1899 
336 |a text  |b txt  |2 rdacontent 
337 |a unmediated  |b n  |2 rdamedia 
338 |a volume  |b nc  |2 rdacarrier 
362 0 |a 2nd ser., v. 1, no. 1- 
588 |a Description based on : volume 57 (1953). 
588 |a Latest issue consulted : 105.2, suppl. (Apr. 2001). 
650 0 |a Archaeology  |v Periodicals. 
650 0 |a Art  |v Periodicals. 
710 2 |a Archaeological Institute of America. 
710 2 |a American School of Classical Studies at Athens. 
710 2 |a American School of Classical Studies in Rome. 
710 2 |a American School for Oriental Study and Research in Palestine. 
710 2 |a Jay I. Kislak Collection (Library of Congress) 
901 |a reviewed 
942 |c JL  |2 lcc 
952 |0 0  |1 0  |2 lcc  |4 0  |7 0  |9 6737  |a ARCE  |b ARCE  |d 2020-10-13  |o ( J )CC1 .A5  |r 2020-10-13  |w 2020-10-13  |y JL